000 00705nam a2200241Ia 4500
003 OSt
005 20220923211034.0
006 a|||||r|||| 00| 0
007 ta
008 Pun
020 _a8171433440 (hbk)
024 _a232,683
037 _cTextual
040 _aARTS
_cARTS
_bPun
041 _2Pun
_aPun
082 _aY73(P153):351, P4
100 _aਕਰਮਜੀਤ ਸਿੰਘ
_9157431
245 0 _aਕੰਜਾਂ ਪਰਦੇਸਣਾਂ
260 _aਅੰਮ੍ਰਿਤਸਰ
_b ਰਵੀ ਸਾਹਿਤ ਪ੍ਰਕਾFਨ
_c2004
300 _a223ਪੰ
_ccm.
942 _hY73(P153):351, P4
_cTEXL
_2CC
999 _c294327
_d294327